书目信息 |
| 题名: |
成本会计学
|
|
| 作者: | 黄毅勤 , 刘志翔 主编 | |
| 分册: | ||
| 出版信息: | 北京 首都经济贸易大学出版社 2001.06 |
|
| 页数: | 255页 | |
| 开本: | 23cm | |
| 丛书名: | 会计学专业系列教材 | |
| 单 册: | ||
| 中图分类: | F234.2 | |
| 科图分类: | ||
| 主题词: | 成本会计--教材 | |
| 电子资源: | ||
| ISBN: | 7-5638-0887-6 | |
| 000 | 00897nam 2200253 450 | |
| 001 | 0120120028 | |
| 005 | 20050913112714.45 | |
| 010 | @a7-5638-0887-6@dCNY24.00 | |
| 100 | @a20050913d2001 km y0chiy0120 ea | |
| 101 | 0 | @achi |
| 102 | @aCN@b110000 | |
| 105 | @aa z 000yy | |
| 200 | 1 | @a成本会计学@ACheng Ben Kuai Ji Xue@f黄毅勤, 刘志翔主编@Fhuang yi qin,liu zhi xiang zhu bian |
| 210 | @a北京@c首都经济贸易大学出版社@d2001.06 | |
| 215 | @a255页@c图@d23cm | |
| 225 | 2 | @a会计学专业系列教材 |
| 330 | @a本书系统地介绍现代成本会计的基本理论,评述成本预测、成本计划、成本控制、成本核算、成本分析、成本考核等6个方面的内容,并阐述了这6个环节的紧密关系。 | |
| 410 | 0 | @12001 @a会计学专业系列教材 |
| 606 | 0 | @a成本会计@j教材 |
| 690 | @aF234.2@v4 | |
| 701 | 0 | @a黄毅勤@Ahuang yi qin@4主编 |
| 701 | 0 | @a刘志翔@Aliu zhi xiang@4主编 |
| 801 | 0 | @aCN@bQSSK@c20050913 |
| 905 | @a10447@dF234.2@eH915 | |
| 成本会计学/黄毅勤, 刘志翔主编.-北京:首都经济贸易大学出版社,2001.06 |
| 255页:图;23cm.-(会计学专业系列教材) |
| ISBN 7-5638-0887-6:CNY24.00 |
| 本书系统地介绍现代成本会计的基本理论,评述成本预测、成本计划、成本控制、成本核算、成本分析、成本考核等6个方面的内容,并阐述了这6个环节的紧密关系。 |
| ● |
| 相关链接 |
|
|
|
正题名:成本会计学
索取号:F234.2/H915
 
预约/预借
| 序号 | 登录号 | 条形码 | 馆藏地/架位号 | 状态 | 备注 |
| 1 | 570063 | 205700632 | 社科二线422/422社科库 4排2列1层/ [索取号:F234.2/H915] | 在馆 | |
| 2 | 570064 | 205700641 | 社科二线422/ [索取号:F234.2/H915] | 在馆 | |
| 3 | 570065 | 205700650 | 社科库409/409社科库 77排1列5层/ [索取号:F234.2/H915] | 在馆 |